|
|
|
|
| LEADER |
00000nam0a2200000 4500 |
| 001 |
85135 |
| 005 |
20231031100912.0 |
| 035 |
|
|
|a (RuTPU)RU\TPU\book\91475
|
| 090 |
|
|
|a 85135
|
| 100 |
|
|
|a 20051110d1967 km y0rusy50 ca
|
| 101 |
0 |
|
|a rus
|
| 102 |
|
|
|a RU
|
| 105 |
|
|
|a a z 001zy
|
| 200 |
1 |
|
|a Алмазоносные россыпи Западной Якутии
|f И. С. Рожков [и др.]
|
| 210 |
|
|
|a Москва
|c Наука
|d 1967
|
| 215 |
|
|
|a 280 с.
|c ил.
|
| 320 |
|
|
|a Библиогр.: с. 273-278
|
| 610 |
1 |
|
|a алмазные россыпи
|
| 610 |
1 |
|
|a Западная Якутия
|
| 610 |
1 |
|
|a геология
|
| 675 |
|
|
|a 553.8
|v 3
|
| 701 |
|
1 |
|a Рожков
|b И. С.
|g Иван Сергеевич
|
| 701 |
|
1 |
|a Михалев
|b Г. П.
|
| 701 |
|
1 |
|a Прокопчук
|b Б. И.
|
| 701 |
|
1 |
|a Шамшина
|b Э. А.
|
| 801 |
|
1 |
|a RU
|b 63413507
|c 20051110
|g PSBO
|
| 801 |
|
2 |
|a RU
|b 63413507
|c 20170911
|g PSBO
|
| 942 |
|
|
|c BK
|